| 000 | 00349nam a2200145Ia 4500 | ||
|---|---|---|---|
| 008 | 150201s1991 xx 000 0 und d | ||
| 082 |
_a600 _bD1991T |
||
| 100 | _aTAXALI,R.K. | ||
| 245 | _ad BASE 3 PLUSE | ||
| 250 | _a1ST | ||
| 260 |
_bTATA-MCGRAW HILL _aBOSTON (LONDON) _c1991 |
||
| 300 | _a1-470 | ||
| 650 | _aGENERAL DENTISTRY | ||
| 942 |
_2ddc _cBK |
||
| 999 |
_c3507 _d3507 |
||